Detekcia nepravdivých odpovedí v online formulároch na základe interakčných údajov

Enregistré dans:
Détails bibliographiques
Auteur principal: Smreček, Peter (Auteur)
Autres auteurs: Kuric, Eduard (Directeur de thèse)
Format: Manuscrit Livre
Langue:slovaque
Publié: 2022
Sujets:
Accès en ligne:http://is.stuba.sk/zp/portal_zp.pl?podrobnosti=155160
Tags: Ajouter un tag
Pas de tags, Soyez le premier à ajouter un tag!

MARC

LEADER 00000ntm a22000003a 4500
001 stuzp88093
003 SK-STU
005 20220625211030.1
007 ta
008 150427s2015----xo-----f-mn---000-0-slo-d
040 |a STU  |b slo 
041 0 |a slo 
100 1 |a Smreček, Peter  |u 070200  |4 aut  |U FIIT Fakulta informatiky a informačných technológií  |T FIIT Ústav informatiky, informačných systémov a softvérového inžinierstva  |X 103130  |U I200  |Y 179  |7 103130 
242 0 1 |a Detection of false answers in web forms based on interaction data  |y eng 
245 1 0 |a Detekcia nepravdivých odpovedí v online formulároch na základe interakčných údajov 
260 |c 2022 
650 4 |a Strojové učenie  |2 slo 
650 4 |a Detekcia lží  |2 slo 
650 4 |a Dotazníky  |2 slo 
650 4 |a Online formuláre  |2 slo 
650 4 |a Klasifikátory  |2 slo 
650 4 |a Machine Learning  |2 eng 
650 4 |a Lie detection  |2 eng 
650 4 |a Questionnaire  |2 eng 
650 4 |a Web forms  |2 eng 
650 4 |a Classifiers  |2 eng 
700 1 |a Kuric, Eduard  |u 070200  |k Z1  |4 ths  |U FIIT Fakulta informatiky a informačných technológií  |T FIIT Ústav informatiky, informačných systémov a softvérového inžinierstva  |X 17452  |U I200  |Y 179  |7 17452 
856 4 |u http://is.stuba.sk/zp/portal_zp.pl?podrobnosti=155160